Normal view
MARC view
Entry Personal Name
001 - CONTROL NUMBER
- control field: 1237314
003 - CONTROL NUMBER IDENTIFIER
- control field: OSt
005 - DATE AND TIME OF LATEST TRANSACTION
- control field: 20260430150357.0
008 - FIXED-LENGTH DATA ELEMENTS
- fixed length control field: 260430|| aca||aabn | a|a d
040 ## - CATALOGING SOURCE
- Original cataloging agency: OSt
- Transcribing agency: OSt
100 ## - HEADING--PERSONAL NAME
- Personal name: Neetu Au.; Chakraborty Amitava Gu.; Saxena Ranjana Gu
670 ## - SOURCE DATA FOUND
- Source citation: Work cat.: (OSt)1849641: Neetu Au.; Chakraborty Amitava Gu.; Saxena Ranjana Gu., Nostalgia for The Soviet Past in Contemporary Russian Literature: A Study of Selected Post Soviet Novels, 2023
